| 000 | 00478nam a2200181Ia 4500 | ||
|---|---|---|---|
| 001 | 9647 | ||
| 005 | 20260306161734.0 | ||
| 008 | 260306t1871||||xx |||||||||||||| ||spa|| | ||
| 041 | _aESP | ||
| 082 |
_a385.09 _bF43 |
||
| 100 |
_aBiblioteca Arequipa Documentos _eAUT |
||
| 245 | 0 |
_aEl ferrocarril de Arequipa: _bHistoria documentada de su origén,construcción e inaguración |
|
| 260 | _c1871 | ||
| 300 |
_a _c |
||
| 650 | _aGEN | ||
| 654 | _aCAN | ||
| 942 |
_cLIB _dJUS _fJUS _2ddc _n |
||
| 999 |
_c9647 _d9647 |
||